Pakistan Army Green Book -1992, (Record no. 215428)
[ view plain ]
| 000 -LEADER | |
|---|---|
| fixed length control field | 00642 a2200169 4500 |
| 003 - CONTROL NUMBER IDENTIFIER | |
| control field | Nust |
| 005 - DATE AND TIME OF LATEST TRANSACTION | |
| control field | 20230102095140.0 |
| 040 ## - CATALOGING SOURCE | |
| Transcribing agency | Nust |
| 082 ## - DEWEY DECIMAL CLASSIFICATION NUMBER | |
| Classification number | 355.30954,PAK |
| 100 ## - MAIN ENTRY--PERSONAL NAME | |
| Personal name | Amjad, Maj Gen Ijaz |
| 9 (RLIN) | 106583 |
| 245 ## - TITLE STATEMENT | |
| Title | Pakistan Army Green Book -1992, |
| Remainder of title | Year of the Senior Field Commanders / |
| Statement of responsibility, etc. | GHQ Rawalpindi |
| 260 ## - PUBLICATION, DISTRIBUTION, ETC. | |
| Place of publication, distribution, etc. | Rawalpindi |
| Name of publisher, distributor, etc. | GHQ |
| Date of publication, distribution, etc. | 1992 |
| 300 ## - PHYSICAL DESCRIPTION | |
| Extent | 278 p |
| 505 ## - FORMATTED CONTENTS NOTE | |
| Formatted contents note | Part.1: Leadership-The Senior Field Commanders (Page-1), ,Part.2: Recoganization, Development and Induction of weapons (Page-137), Part.3: Future Trends in Weapons (Page-231). |
| 650 ## - SUBJECT ADDED ENTRY--TOPICAL TERM | |
| Topical term or geographic name entry element | Pak-Army Green Book |
| 9 (RLIN) | 106459 |
| 942 ## - ADDED ENTRY ELEMENTS (KOHA) | |
| Koha item type | Book |
| Source of classification or shelving scheme | |
| Call number prefix | 355.30954,PAK |
| Withdrawn status | Lost status | Source of classification or shelving scheme | Damaged status | Not for loan | Permanent Location | Current Location | Shelving location | Date acquired | Full call number | Barcode | Date last seen | Price effective from | Koha item type | Public note |
|---|---|---|---|---|---|---|---|---|---|---|---|---|---|---|
| Military College of Signals (MCS) | Military College of Signals (MCS) | General Stacks | 12/12/2016 | 355.309549,PAK | MCS27647 | 12/08/2016 | 12/12/2016 | Book | Almirah No. 53, Shelf No.1 | |||||
| Military College of Signals (MCS) | Military College of Signals (MCS) | General Stacks | 12/12/2016 | 355.309549,PAK | MCS34312 | 12/08/2016 | 12/12/2016 | Book | Almirah No. 53, Shelf No.1 | |||||
| Military College of Signals (MCS) | Military College of Signals (MCS) | General Stacks | 12/12/2016 | 355.309549,PAK | MCS34313 | 12/08/2016 | 12/12/2016 | Book | Almirah No. 53, Shelf No.1 | |||||
| Military College of Signals (MCS) | Military College of Signals (MCS) | General Stacks | 12/12/2016 | 355.309549,PAK | MCS36461 | 12/08/2016 | 12/12/2016 | Book | Almirah No. 53, Shelf No.1 |
